The Friday Multiple Choice Quiz (General Knowledge) #1 - Statistics

General Stats
  • This quiz has been taken 89 times
  • The average score is 5 of 10
Answer Stats
Question Answer % Correct
What personal name did God reveal to Moses when appearing before him in a burning bush? Jehovah
74%
In the 1908 Olympic Games how did the distance of the Marathon come to be standardized at 26 miles 385 yards? So that the race finished in front of the Royal Box
74%
Which was the first country to legalize euthanasia? The Netherlands
73%
Which was the first country to give women the vote? New Zealand
71%
From which song do these lyrics come: "We'd like to feel you're acceptable, respectable, oh presentable, a vegetable" The Logical Song
65%
Which famous musician did Nancy Shevell marry in 2011 ? Paul McCartney
51%
Who directed Breakfast At Tiffany's ? Blake Edwards
43%
What is the name of Yogi Bear's girlfriend? Cindy
32%
In July 2014 a train derailment in Montana caused what to fall down a nearby river embankment? Three Boeing 737 plane fuselages
30%
Which of the Channel Islands lies closest to France? Alderney
16%
No matching quizzes found
Score Distribution
Percent of People with Each Score
Percentile by Number Answered
Your Score History
You have not taken this quiz